000 00298nam a22001337a 4500
008 181221b xxu||||| |||| 00| 0 eng d
020 _a0878141618
041 _aeng
080 _a621
100 _a27
101 _aMEK
245 _aDrilling Engineering Manual
_cChenevert, M.E
942 _2udc
_cBK
999 _c53693
_d53693